Греко-славяно-русская текстология Нового завета. Ч. 1: Евангелие (Запись № 722027)

Подробности
000 -МАРКЕР
контрольное поле 01349nam2a2200277 4500
001 - ИДЕНТИФИКАТОР ЗАПИСИ
контрольное поле RU\NLR\bibl\129191
005 - ИДЕНТИФИКАТОР ВЕРСИИ
контрольное поле 20250617104222.0
035 ## - ДРУГИЕ СИСТЕМНЫЕ НОМЕРА
Идентификатор записи (NLR Aleph) 000126572
100 ## - ДАННЫЕ ОБЩЕЙ ОБРАБОТКИ
Данные общей обработки 20010119d1999 |||y0rusy50 ca
101 0# - ЯЗЫК РЕСУРСА
Язык текста, звукозаписи и т.д. русский
-- латинский
102 ## - СТРАНА ПУБЛИКАЦИИ ИЛИ ПРОИЗВОДСТВА
Страна публикации российская федерация
105 ## - ПОЛЕ КОДИРОВАННЫХ ДАННЫХ: ТЕКСТОВЫЕ МАТЕРИАЛЫ, МОНОГРАФИЧЕСКИЕ
Кодированные данные о монографическом текстовом документе y |||||||||
200 1# - ЗАГЛАВИЕ И СВЕДЕНИЯ ОБ ОТВЕТСТВЕННОСТИ
Основное заглавие Евангелие
Наименование части Иоанн
Обозначение и номер части Гл.6
Параллельное заглавие Evangelium
Язык параллельного заглавия латинский
210 ## - ПУБЛИКАЦИЯ, РАСПРОСТРАНЕНИЕ И ДР.
Дата издания, распространения и т.д. 1999
Место издания, распространения и т.д. Б. м.
215 ## - ФИЗИЧЕСКАЯ ХАРАКТЕРИСТИКА
Специфическое обозначение материала и объем ХХIV,[1], 771-1054 л.
Размеры 25
461 #0 - УРОВЕНЬ НАБОРА
Встроенное поле 001RU\NLR\bibl\10763
-- 2001#$aГреко-славяно-русская текстология Нового завета$vЧ. 1
Системный номер (АБИС) связанной записи 35527
Автор Гребенский, Н. Н.
Место публикации СПб.
Дата публикации 1998
Первые сведения об ответственности Гребенский Н.Н.
Параллельное заглавие Novi testamenti teхtologia graeco-slavonico-russica
Имя издателя, распространителя и т.д. Изд. авт.
Сведения, относящиеся к заглавию Исслед. о граммат. и лог. соответствии трехъязыч. текста
Заглавие Греко-славяно-русская текстология Нового завета
Номер тома Ч. 1
510 0# - ПАРАЛЛЕЛЬНОЕ ЗАГЛАВИЕ
Параллельное заглавие Evangelium
Наименование части Ioannes
Язык заглавия латинский
605 ## - ЗАГЛАВИЕ КАК ПРЕДМЕТ
Начальный элемент ввода Библия
Наименование части Новый Завет
-- Евангелие от Иоанна
Тематический подзаголовок Исследование текста
Системный номер авторитетной/нормативной записи 2079117
Идентификатор авторитетной/нормативной записи RU\NLR\auth\661254990
801 #0 - ИСТОЧНИК ЗАПИСИ
Страна российская федерация
Организация NLR
Дата составления 20010119
Правила каталогизации PSBO
801 #1 - ИСТОЧНИК ЗАПИСИ
Страна российская федерация
Организация NLR
Дата составления 20010119
852 ## - МЕСТОНАХОЖДЕНИЕ И ШИФР ХРАНЕНИЯ
Идентификатор организации NLR
Шифр хранения (Call Number) 90-7/945
942 ## - ДОПОЛНИТЕЛЬНЫЕ ЭЛЕМЕНТЫ ЗАПИСИ (АБИС)
Тип экземпляра АБИС Книга
980 ## - КОЛЛЕКЦИЯ
Название коллекции Национальная библиография
Экземпляры
Тип экземпляра Дата поступления Источник поступления Библиотека постоянного хранения Библиотека текущего хранения Место хранения Шифр хранения Штрих-код Статус не для выдачи
Книга 19.01.2001 Дар РНБ (Московский) РНБ (Московский) Русский книжный фонд: издания с 1957 года, 9этаж 90-7/945 98456